000 01626nam a22004217a 4500
003 CHAP
005 20220329142335.0
008 000817d1999 mx rs o00110 spa d
010 _a82015
011 _a82987
020 _a970132658X
035 _a93495
040 _cCHAP
082 0 4 _a317.2
_bI57 1999 Gto.
110 2 _aInstituto Nacional de Estadística, Geografía e Informática. México
_959304
245 1 0 _aPerspectiva estadística de Guanajuato
_c/por Instituto Nacional de Estadística, Geografía e Informática
260 _aAguascalientes, Ags. :
_bInstituto Nacional de Estadística, Geografía e Informática,
_c1999.
300 _a106 p. :
_bgráfs. ; cuadros
590 _aBATCH-UPD
_b10
_c20130110
_lUCH01
_h0141
590 _aBATCH-UPD
_b10
_c20130110
_lUCH01
_h0654
590 _aBATCH-UPD
_b10
_c20130409
_lUCH01
_h2139
590 _aBATCH-UPD
_b10
_c20130410
_lUCH01
_h1223
590 _aBATCH-UPD
_b10
_c20130913
_lUCH01
_h2046
590 _aBATCH-UPD
_b10
_c20130914
_lUCH01
_h1300
590 _aCONVERSION
_b10
_c20130109
_lUCH01
_h1346
650 1 4 _aAgricultura
_xEstadísticas
_zGuanajuato.
_91452
650 1 4 _aBosques
_xEstadísticas
_xGuanajuato.
_914145
650 1 4 _aEmpleo
_xGuanajuato.
_936560
650 1 4 _aGanadería
_xEstadísticas
_zGuanajuato.
_944711
650 1 4 _aGuanajuato
_xEstadísticas.
_950982
650 1 4 _aGuanajuato
_xHistoria.
_950984
650 1 4 _aPoblación
_zGuanajuato.
_989422
650 1 4 _aVivienda
_xGuanajuato.
_9120129
901 _aBK
905 _aPatricia Mendoza P.
942 _cLIBRO
949 _a317.2 I57 1999 Gto.
_bBC
_cINEGI
_d33724000581229
_eINEGI
_h98113
_i93495
_sb
999 _c82015
_d82015